000 00546cam a2200181 4500500
005 20260329003214.0
041 _afre
042 _adc
100 1 0 _aGayraud, Agnès
_eauthor
245 0 0 _aDavid Bowie. Métaphysique du miroir
260 _c2015.
500 _a95
690 _aDavid Bowie
690 _aMétaphysique
690 _aMusique
786 0 _nPhilosophie magazine | 87 | 3 | 2015-03-01 | p. 20-21 | 1951-1787
856 4 1 _uhttps://shs.cairn.info/magazine-philosophie-magazine-2015-3-page-20?lang=fr&redirect-ssocas=7080
999 _c1822361
_d1822361